000
00199nam a22000857a 4500
008
161122b xxu||||| |||| 00| 0 eng d
100
_9
1334
_a
Almond.D.
245
_a
Heaven Eyes
260
_a
UK
_b
Hodder
_c
2006
999
_c
4045
_d
4045